000 00495nam a22001697a 4500
005 20251108172213.0
008 250721s1993 xx 000 0 ara d
082 1 4 _a641.1/محم
100 1 _aيوسف، محمد كمال
245 1 0 _aالموسوعة المصرية في تغذة الإنسان /
264 1 _aالقاهرة :
_bدار العربية للعلوم،
_c1993.
300 _aج
650 1 7 _aالغذاء
650 1 7 _aالتغذية
942 _2ddc
_cBK
999 _c73046
_d73046